Tecnología informática (Registro nro. 8506)

Detalles MARC
000 -LEADER
fixed length control field 00753nas a2200229 454500
001 - CONTROL NUMBER
control field 18920
005 - DATE AND TIME OF LATEST TRANSACTION
control field 20260407193505.0
008 - FIXED-LENGTH DATA ELEMENTS--GENERAL INFORMATION
fixed length control field 260407s1983####ag###########|||spa#d
003 - CONTROL NUMBER IDENTIFIER
control field AR-UNSa-BCEJYS
040 ## - CATALOGING SOURCE
Original cataloging agency AR-UNSa-BCEJYS
Language of cataloging spa
Transcribing agency AR-UNSa-BCEJYS
080 ## - UNIVERSAL DECIMAL CLASSIFICATION NUMBER
Universal Decimal Classification number 004
Common auxiliary subdivision Ciencia y tecnología de los ordenadores. Informática
022 ## - INTERNATIONAL STANDARD SERIAL NUMBER
International Standard Serial Number 0326-1255
100 1# - MAIN ENTRY--PERSONAL NAME
Personal name Ditone, Miguel L.
245 10 - TITLE STATEMENT
Title Tecnología informática
264 #1 - PRODUCTION, PUBLICATION, DISTRIBUTION, MANUFACTURE, AND COPYRIGHT NOTICE
Place of production, publication, distribution, manufacture Buenos Aires :
Name of producer, publisher, distributor, manufacturer INFOTEC Ediciones Informáticas
Date of production, publication, distribution, manufacture, or copyright notice 1983
310 ## - CURRENT PUBLICATION FREQUENCY
Current publication frequency Frecuencia:
590 ## - LOCAL NOTE (RLIN)
Local note niveau_biblio:s niveau_hierar:1
650 ## - SUBJECT ADDED ENTRY--TOPICAL TERM
Topical term or geographic name entry element Informática
650 ## - SUBJECT ADDED ENTRY--TOPICAL TERM
Topical term or geographic name entry element Tecnología
856 41 - ELECTRONIC LOCATION AND ACCESS
Uniform Resource Identifier <a href="https://biblioeco.unsa.edu.ar/pmb/images/revistas/Tecnologia Informatica.jpg">https://biblioeco.unsa.edu.ar/pmb/images/revistas/Tecnologia Informatica.jpg</a>
Link text Imagen de portada
Electronic format type image/jpeg
942 ## - ADDED ENTRY ELEMENTS (KOHA)
Koha item type
Existencias
Withdrawn status Lost status Damaged status Not for loan Home library Current library Shelving location Date acquired Serial enumeration / chronology Total checkouts Full call number Barcode Date last seen Price effective from Koha item type
        Biblioteca Prof. Eusebio Cleto del Rey Biblioteca Prof. Eusebio Cleto del Rey   01/12/1984 Año 2, Nº 18 - dic. 1984   H004 TEC 18 R08742 10/04/2026 10/04/2026 Numero
        Biblioteca Prof. Eusebio Cleto del Rey Biblioteca Prof. Eusebio Cleto del Rey   01/05/1984 Año 2, Nº 17 - mayo 1984   H004 TEC 17 R08741 10/04/2026 10/04/2026 Numero
        Biblioteca Prof. Eusebio Cleto del Rey Biblioteca Prof. Eusebio Cleto del Rey   01/12/1983 Año 2, Nº 16 - dic. 1983   H004 TEC 16 R08740 10/04/2026 10/04/2026 Numero
        Biblioteca Prof. Eusebio Cleto del Rey Biblioteca Prof. Eusebio Cleto del Rey   01/09/1983 Año 2, Nº 15 - sep. 1983   H004 TEC 15 R08739 10/04/2026 10/04/2026 Numero